| 000 | 00764nam a2200241 a 4500 | ||
|---|---|---|---|
| 003 | SISC | ||
| 005 | 20170123150653.0 | ||
| 008 | 120830s19uu xx 00 eng d | ||
| 020 | _a9781606493601 | ||
| 050 |
_aHD 38.5 _b.Ol8 2012 |
||
| 100 | _aOlson, David Louis. | ||
| 245 |
_aSupply chain information technology / _cDavid L. Olson. |
||
| 260 |
_aNew York, United States : _bBusiness Expert Press, _c2012. |
||
| 300 |
_a126 pages ; _c25 cm. |
||
| 440 | _aSupply and operations management collection. | ||
| 500 | _aIncludes index. | ||
| 650 |
_aBusiness logistics _xData processing. |
||
| 650 | _aManagement information systems. | ||
| 650 | _aMaterial requirements planning. | ||
| 650 | _aIndustrial efficiency. | ||
| 942 |
_cBK _2lcc |
||
| 999 |
_c25284 _d25284 |
||